| 000 | 00362 a2200133 4500 | ||
|---|---|---|---|
| 000 | nam a22 7a 4500 | ||
| 100 | _aPunnya, Lalita Ishwarn | ||
| 110 | _aPunnya, Lalita Ishwarn | ||
| 245 | _aHealth Education and Sports Nutrition | ||
| 250 | _aLatest edition | ||
| 260 |
_bKhel Sahitya Kendra _c2025 |
||
| 264 |
_bKhel Sahitya Kendra _c2025 |
||
| 942 | _cBK | ||
| 999 |
_c393701 _d393701 |
||